Administrative sciences: a select bibliography (Record no. 480005)

000 -LEADER
fixed length control field 00480cam a22001337a 4500
008 - FIXED-LENGTH DATA ELEMENTS--GENERAL INFORMATION
fixed length control field 180718b1964 xxu||||| |||| 00| 0 eng d
082 ## - DEWEY DECIMAL CLASSIFICATION NUMBER
Classification number A2:B3 In8
100 ## - MAIN ENTRY--PERSONAL NAME
Personal name International Institute of Administrative Sciencses
245 ## - TITLE STATEMENT
Title Administrative sciences: a select bibliography
260 ## - PUBLICATION, DISTRIBUTION, ETC.
Place of publication, distribution, etc. Brussels
Name of publisher, distributor, etc. International Institute of Administrative Sciences
Date of publication, distribution, etc. 1964
300 ## - PHYSICAL DESCRIPTION
Extent 31p.
650 ## - SUBJECT ADDED ENTRY--TOPICAL TERM
Topical term or geographic name entry element Administrative management - Bibliography
650 ## - SUBJECT ADDED ENTRY--TOPICAL TERM
Topical term or geographic name entry element Public administration - Bibliography
Holdings
Withdrawn status Lost status Damaged status Not for loan Permanent Location Current Location Date acquired Full call number Barcode Date last seen Price effective from Koha item type
        Indian Institute of Public Administration Indian Institute of Public Administration 2018-08-04 A2:B3 In8 GR6911 2018-08-04 2018-08-04 GR

Powered by Koha